[Event "50th Rilton Cup 2022-23"]
[Site "Stockholm SWE"]
[Date "2022.12.30"]
[Round "4.66"]
[White "Joel Paul Ganta"]
[Black "Buchenau, Frank"]
[Result "1/2-1/2"]
[BlackTitle "FM"]
[WhiteElo "2183"]
[BlackElo "2218"]
[WhiteFideId "35066145"]
[BlackFideId "4604350"]
[EventDate "2022.12.27"]

1. e4 e6 2. d4 d5 3. e5 c5 4. c3 Qb6 5. Nf3 Bd7 6. Be2 cxd4 7. cxd4 Bb5 8. Bxb5+
Qxb5 9. a3 Nd7 10. Nc3 Qa6 11. Ne2 Ne7 12. h4 Nc6 13. O-O Be7 14. Be3 Na5 15.
Bg5 Bxg5 16. hxg5 Qb6 17. b4 Nc4 18. Nd2 Qd8 19. Nxc4 dxc4 20. Nc3 Qxg5 21. Ne4
Qe7 22. Nd6+ Kf8 23. Qh5 Nb6 24. Rac1 h6 25. Nxc4 g6 26. Qf3 Kg7 27. Nd6 Nd5 28.
Qg3 Rhd8 29. Rc2 Rd7 30. Rfc1 Rad8 31. Ne4 g5 32. Nd6 Nf4 33. Qf3 Rxd6 34. exd6
Rxd6 35. g3 Nd5 36. Kg2 Qf6 37. Qe4 Ra6 38. Qd3 Qg6 39. Qb3 Qe4+ 40. Kg1 Qxd4
41. Rc4 Qe5 42. a4 Rd6 43. b5 h5 44. Qf3 g4 45. Qh1 a6 46. bxa6 Rxa6 47. Qe4
Qxe4 48. Rxe4 Rb6 49. Rc5 Rb1+ 50. Kg2 b6 51. Rb5 Ra1 52. Rb3 Ra2 53. Re5 Kg6
54. Re4 Kf5 55. Rc4 Kg5 56. Kf1 Kf5 57. Ke1 Ke5 58. Rd3 f5 59. Rd2 Ra1+ 60. Rd1
Ra3 61. Rdd4 h4 62. gxh4 Rh3 63. Kf1 Rxh4 64. Rd3 Rh1+ 65. Kg2 Ra1 66. Kg3 Nf6
67. f4+ gxf3 68. Kxf3 Ra2 69. Re3+ Ne4 70. Rcxe4+ fxe4+ 71. Rxe4+ Kd5 72. Rb4
Ra3+ 73. Ke2 Kc5 74. Re4 Kd5 75. Rb4 e5 76. Rxb6 Rxa4 77. Rb3 Rh4 78. Rf3 Re4+
79. Kd2 Ra4 80. Rb3 Kd4 81. Ke2 Ra2+ 82. Ke1 Ke4 83. Rb4+ Kd3 84. Rb3+ Kc4 85.
Re3 Kd4 86. Rb3 e4 87. Rh3 Rb2 88. Rg3 Ke5 89. Rh3 Rg2 90. Ra3 Kf4 91. Rb3 Ra2
92. Rc3 e3 93. Rc8 Kf3 1/2-1/2

[Event "50th Rilton Cup 2022-23"]
[Site "Stockholm SWE"]
[Date "2022.12.30"]
[Round "4.67"]
[White "Mittelberger, Peter"]
[Black "Mierins, Emils Janis"]
[Result "0-1"]
[WhiteElo "2206"]
[BlackElo "2118"]
[WhiteFideId "1602942"]
[BlackFideId "11616830"]
[EventDate "2022.12.27"]

1. e4 c5 2. Nf3 e6 3. d4 cxd4 4. Nxd4 a6 5. Nc3 Qc7 6. g3 Nf6 7. Bg2 Be7 8. O-O
O-O 9. Re1 d6 10. a4 Nbd7 11. h3 Rd8 12. g4 h6 13. g5 hxg5 14. Bxg5 Nb6 15. Qd3
Nc4 16. b3 Ne5 17. Qd2 Bd7 18. f4 Nc6 19. Nde2 Rac8 20. Kh1 Be8 21. Rac1 Qb6 22.
Ng3 Qd4 23. Qxd4 Nxd4 24. Nge2 Nxe2 25. Nxe2 b5 26. axb5 axb5 27. c3 Kf8 28. Kg1
d5 29. e5 Ne4 30. Bxe7+ Kxe7 31. b4 Nd2 32. Ra1 Ra8 33. Kf2 Ra4 34. Rxa4 bxa4
35. Ke3 Nb3 36. Nd4 Rc8 37. Kd3 Nxd4 38. Kxd4 Rc4+ 39. Kd3 Bb5 0-1

[Event "50th Rilton Cup 2022-23"]
[Site "Stockholm SWE"]
[Date "2022.12.31"]
[Round "5.1"]
[White "Livaic, Leon"]
[Black "Wadsworth, Matthew J"]
[Result "1/2-1/2"]
[WhiteTitle "GM"]
[BlackTitle "IM"]
[WhiteElo "2572"]
[BlackElo "2470"]
[WhiteFideId "14531534"]
[BlackFideId "415804"]
[EventDate "2022.12.27"]

1. e4 c5 2. Nf3 e6 3. d3 Nc6 4. g3 Nf6 5. Bg2 d5 6. Nbd2 Be7 7. O-O b5 8. Re1
O-O 9. e5 Nd7 10. Nf1 a5 11. h4 Ba6 12. N1h2 Qc7 13. Bf4 Rfc8 14. h5 h6 15. Qd2
Qd8 16. Bh3 b4 17. Kh1 a4 18. g4 Bb7 19. Rg1 Nd4 20. Nxd4 cxd4 21. Nf3 b3 22.
axb3 axb3 23. Rxa8 Bxa8 24. cxb3 Bg5 25. Nxg5 hxg5 26. Bxg5 Qb6 27. Bf4 Qxb3 28.
g5 Rc2 29. Qa5 Qxd3 30. Qxa8+ Nf8 31. Bg3 Qf3+ 32. Kh2 d3 33. Qa7 Qxh5 34. Qd4
Nh7 35. Qg4 Qxg5 36. Qxg5 Nxg5 37. Bg2 Rxb2 38. Rd1 Ne4 39. Bxe4 1/2-1/2

[Event "50th Rilton Cup 2022-23"]
[Site "Stockholm SWE"]
[Date "2022.12.31"]
[Round "5.2"]
[White "Parkhov, Yair"]
[Black "Urkedal, Frode Olav Olsen"]
[Result "1/2-1/2"]
[WhiteTitle "IM"]
[BlackTitle "GM"]
[WhiteElo "2470"]
[BlackElo "2536"]
[WhiteFideId "2813408"]
[BlackFideId "1506102"]
[EventDate "2022.12.27"]

1. d4 Nf6 2. c4 e6 3. g3 d5 4. Bg2 Bb4+ 5. Bd2 Be7 6. Nf3 O-O 7. O-O c6 8. Qc2
Nbd7 9. Nc3 dxc4 10. Ne4 Nxe4 11. Qxe4 b5 12. a4 Bb7 13. axb5 Nf6 14. Qe5 Nd7
15. Qe4 Nf6 16. Qe5 Nd7 17. Qh5 Nf6 18. Qe5 1/2-1/2

[Event "50th Rilton Cup 2022-23"]
[Site "Stockholm SWE"]
[Date "2022.12.31"]
[Round "5.3"]
[White "Prraneeth, Vuppala"]
[Black "Horvath, Dominik"]
[Result "1/2-1/2"]
[WhiteTitle "IM"]
[BlackTitle "IM"]
[WhiteElo "2427"]
[BlackElo "2502"]
[WhiteFideId "46622373"]
[BlackFideId "1642561"]
[EventDate "2022.12.27"]

1. e4 e5 2. Nf3 Nc6 3. Bb5 a6 4. Ba4 Nf6 5. d3 b5 6. Bb3 Bc5 7. Bg5 h6 8. Bh4 d6
9. c3 Qe7 10. Nbd2 g5 11. Bg3 Bb6 12. a4 Rb8 13. O-O Bg4 14. Re1 Nh5 15. Nf1
Nxg3 16. Nxg3 Qf6 17. axb5 axb5 18. h3 h5 19. hxg4 hxg4 20. Nf5 gxf3 21. Qxf3
Ne7 22. g3 Nxf5 23. exf5 Qh6 24. Kf1 Qh1+ 25. Qxh1 Rxh1+ 26. Kg2 Rxe1 27. Rxe1
Ke7 28. Rh1 Kf6 29. Rh7 Kxf5 30. Rxf7+ Kg6 31. Kf3 Rh8 32. Kg4 Rh2 33. Be6 Rxf2
34. Rxf2 Bxf2 35. Bd7 b4 1/2-1/2

[Event "50th Rilton Cup 2022-23"]
[Site "Stockholm SWE"]
[Date "2022.12.31"]
[Round "5.4"]
[White "Raja, Rithvik R"]
[Black "Kucuksari, Kaan"]
[Result "1-0"]
[WhiteTitle "GM"]
[BlackTitle "IM"]
[WhiteElo "2453"]
[BlackElo "2492"]
[WhiteFideId "35007394"]
[BlackFideId "6380166"]
[EventDate "2022.12.27"]

1. d4 f5 2. c4 Nf6 3. g3 g6 4. Bg2 d6 5. Nc3 Bg7 6. Nf3 O-O 7. O-O c6 8. d5 e5
9. dxe6 Bxe6 10. b3 Na6 11. Ng5 Qe7 12. Nxe6 Qxe6 13. Bb2 Nc5 14. Qc2 Nfe4 15.
Nxe4 Nxe4 16. Bxg7 Kxg7 17. Rad1 Rae8 18. e3 Rf6 19. Rd4 Qe5 20. Rfd1 Rfe6 21.
R1d3 a5 22. Qd1 h5 23. h4 Rd8 24. Bf3 Kh6 25. Kg2 Rg8 26. Qh1 Qf6 27. Rd1 a4 28.
b4 b6 29. Bxe4 fxe4 30. R1d2 Rf8 31. Qd1 a3 32. Kg1 Qf5 33. Qc2 Rff6 34. b5 cxb5
35. cxb5 Qxb5 36. Rxe4 d5 37. Qc8 Qb1+ 38. Kh2 1-0

[Event "50th Rilton Cup 2022-23"]
[Site "Stockholm SWE"]
[Date "2022.12.31"]
[Round "5.5"]
[White "Abdrlauf, Elham"]
[Black "Sorensen, Hampus"]
[Result "1-0"]
[WhiteTitle "IM"]
[BlackTitle "IM"]
[WhiteElo "2518"]
[BlackElo "2442"]
[WhiteFideId "1533533"]
[BlackFideId "8703884"]
[EventDate "2022.12.27"]

1. d4 d5 2. Nf3 Nf6 3. Bf4 c5 4. e3 Nc6 5. Nbd2 g6 6. dxc5 Bg7 7. c3 O-O 8. Bb5
Nh5 9. Nb3 f6 10. Bg3 Nxg3 11. hxg3 e5 12. c4 a6 13. Bxc6 bxc6 14. cxd5 cxd5 15.
O-O a5 16. Rc1 Be6 17. c6 Qc7 18. Nc5 Qxc6 19. Nxe6 Qxe6 20. Rc5 Rfd8 21. Qa4
Qb6 22. Qc2 Rd6 23. Rc1 Bf8 24. g4 Rad8 25. b3 d4 26. Qc4+ Kh8 27. Rc7 R8d7 28.
Rc8 Kg7 29. e4 d3 30. g5 d2 31. Rd1 Rf7 32. gxf6+ Rfxf6 33. Rc7+ Kh8 34. Qc5
Qxc5 35. Rxc5 Bh6 36. Nxe5 Rf4 37. f3 Rf8 38. Nc4 Rd3 39. Rxa5 Rfd8 40. Kf1 Rc3
41. Ke2 Rc2 42. g3 Bg7 43. Rxd2 Rdxd2+ 44. Nxd2 Bc3 45. Kd3 Rxd2+ 46. Kxc3 Rg2
47. g4 Rg3 48. g5 Rxf3+ 49. Kd4 h5 50. gxh6 Kh7 51. e5 Kxh6 52. e6 Kg7 53. Ra7+
Kf8 54. Rf7+ 1-0

[Event "50th Rilton Cup 2022-23"]
[Site "Stockholm SWE"]
[Date "2022.12.31"]
[Round "5.6"]
[White "Sasikiran, Krishnan"]
[Black "Alonso Garcia, Aaron"]
[Result "1/2-1/2"]
[WhiteTitle "GM"]
[BlackTitle "IM"]
[WhiteElo "2635"]
[BlackElo "2439"]
[WhiteFideId "5004985"]
[BlackFideId "24521060"]
[EventDate "2022.12.27"]

1. d4 Nf6 2. c4 e6 3. g3 Bb4+ 4. Bd2 Qe7 5. Bg2 Nc6 6. e3 O-O 7. Ne2 d5 8. cxd5
exd5 9. Nbc3 Bxc3 10. Bxc3 Bg4 11. Qb3 Bxe2 12. Kxe2 Qd6 13. Rhc1 a5 14. Kf1 Ne7
15. Kg1 c6 16. a4 Rfe8 17. Be1 h5 18. f3 Qd7 19. Bf2 Nf5 20. Qd3 Nd6 21. Re1 Re7
22. Re2 Rae8 23. Rae1 Qf5 24. Qxf5 Nxf5 25. Kf1 Nd6 26. h3 g5 27. g4 hxg4 28.
hxg4 b5 29. b3 bxa4 30. Bg3 Re6 31. bxa4 Nc4 32. Kf2 Nd7 33. e4 c5 34. exd5
Rxe2+ 35. Rxe2 Rxe2+ 36. Kxe2 cxd4 37. Kd3 Ne3 38. Bh3 Nxd5 39. Kxd4 N5b6 40.
Bc7 Nxa4 41. Bxa5 Nac5 42. Bc3 f6 43. Bf1 Na4 44. Ba1 Ne5 45. Bb5 Nxf3+ 46. Ke3
Nh2 47. Bxa4 Nxg4+ 48. Ke4 Kf7 49. Bd4 Nh6 50. Bd7 Ke7 51. Bc8 Kf7 52. Ba6 Ng4
53. Be2 Nh6 54. Kd5 Nf5 55. Bf2 Ng7 56. Bd3 Nh5 57. Kd6 Ng7 58. Bd4 Ne8+ 59. Kd5
Nc7+ 60. Ke4 Ne8 61. Kf5 Ng7+ 62. Kg4 f5+ 63. Bxf5 Nxf5 64. Kxf5 Ke7 65. Kxg5 1/2-1/2

[Event "50th Rilton Cup 2022-23"]
[Site "Stockholm SWE"]
[Date "2022.12.31"]
[Round "5.7"]
[White "Koelle, Tobias"]
[Black "Smirin, Ilia"]
[Result "1/2-1/2"]
[WhiteTitle "FM"]
[BlackTitle "GM"]
[WhiteElo "2439"]
[BlackElo "2596"]
[WhiteFideId "16207378"]
[BlackFideId "2801990"]
[EventDate "2022.12.27"]

1. d4 Nf6 2. c4 g6 3. Nc3 Bg7 4. e4 d6 5. h3 Nbd7 6. Bd3 c5 7. d5 Ne5 8. Nf3
Nxd3+ 9. Qxd3 O-O 10. O-O a6 11. a4 Nh5 12. Re1 Qc7 13. Bd2 e5 14. dxe6 Bxe6 15.
Rad1 Qb6 16. Nd5 Bxd5 17. exd5 Rfe8 18. b3 Qc7 19. Kf1 Qd7 20. Rxe8+ Rxe8 21.
Re1 Rxe1+ 22. Kxe1 Nf6 23. Bf4 Kf8 24. Nd2 Ne8 25. Kf1 Qe7 26. Qe3 Qd7 27. Ne4
Kg8 28. g4 Bf8 29. Kg2 Be7 30. Qe2 Qd8 31. Bc1 Nf6 32. Ng3 Nd7 33. Bf4 Nf6 34.
h4 Ne8 35. h5 Bf6 36. h6 Kf8 37. Ne4 Qe7 38. Qf3 Be5 39. Bg5 f6 40. Bd2 Kg8 41.
Qe2 f5 42. gxf5 gxf5 43. Ng3 Qf7 44. f4 Bf6 45. Nxf5 Kf8 46. Qg4 b5 47. Ng3 bxc4
48. bxc4 Qb7 49. Ne4 Qb2 50. Kh3 Qb3+ 51. Qg3 Qd1 52. Nxf6 Qh1+ 53. Qh2 Qf3+ 54.
Qg3 Qh1+ 55. Kg4 Nxf6+ 56. Kf5 Qh5+ 1/2-1/2

[Event "50th Rilton Cup 2022-23"]
[Site "Stockholm SWE"]
[Date "2022.12.31"]
[Round "5.8"]
[White "Galperin, Platon"]
[Black "Olsson, William"]
[Result "1/2-1/2"]
[WhiteTitle "GM"]
[BlackTitle "FM"]
[WhiteElo "2530"]
[BlackElo "2290"]
[WhiteFideId "14165414"]
[BlackFideId "1741721"]
[EventDate "2022.12.27"]

1. Nf3 d5 2. g3 Bg4 3. Bg2 e6 4. h3 Bh5 5. c4 c6 6. d4 Nd7 7. O-O Be7 8. cxd5
exd5 9. Ne5 f6 10. Nd3 Qb6 11. Nf4 Bf7 12. e4 g5 13. Nh5 O-O-O 14. exd5 Bxd5 15.
Bxd5 cxd5 16. Nc3 Nf8 17. Re1 Kb8 18. Ng7 Qc7 19. h4 h6 20. Qa4 Qc4 21. Nf5 Qxa4
22. Nxa4 Bb4 23. Re2 Ng6 24. Nc5 Rh7 25. Ne6 Rc8 26. a3 Ba5 27. Nd6 Rc6 28. Nxg5
fxg5 29. Re8+ Kc7 30. Rxg8 Rxd6 1/2-1/2

[Event "50th Rilton Cup 2022-23"]
[Site "Stockholm SWE"]
[Date "2022.12.31"]
[Round "5.9"]
[White "Sokolovsky, Yahli"]
[Black "Thybo, Jesper Sondergaard"]
[Result "1/2-1/2"]
[WhiteTitle "IM"]
[BlackTitle "GM"]
[WhiteElo "2415"]
[BlackElo "2515"]
[WhiteFideId "2820242"]
[BlackFideId "1438832"]
[EventDate "2022.12.27"]

1. e4 c5 2. Nf3 Nc6 3. Bb5 g6 4. O-O Bg7 5. Re1 e5 6. Bxc6 dxc6 7. d3 Qc7 8. Be3
b6 9. Nbd2 Ne7 10. a3 O-O 11. b4 f5 12. Nc4 f4 13. Bc1 b5 14. Na5 Bg4 15. Nb3
cxb4 16. axb4 g5 17. Nc5 Qc8 18. d4 exd4 19. Qd3 Bxf3 20. Qxf3 Kh8 21. Qh5 g4
22. Bb2 Ng6 23. Rad1 Rd8 24. e5 a5 25. bxa5 Rd5 26. Bxd4 Rxa5 27. Ne4 b4 28. Ng5
Qg8 29. Qxg4 Bxe5 30. Rxe5 Nxe5 31. Bxe5+ Rxe5 32. h4 Rad5 33. Rxd5 Rxd5 34.
Qxf4 h6 35. Ne4 Qg7 36. Nf6 Rd1+ 37. Kh2 Rd8 38. Nh5 Rf8 39. Qd6 Qf7 40. Qxh6+
Kg8 41. Qg5+ Kh7 42. Qe5 Qg6 43. Ng3 Rxf2 44. Qe7+ Qf7 45. Qe4+ Qg6 46. Qxb4
Qxc2 47. Qe7+ Kg8 48. Qe8+ Kh7 49. Qe7+ Kg8 50. Qe8+ Kh7 51. Qe7+ Kg8 1/2-1/2

[Event "50th Rilton Cup 2022-23"]
[Site "Stockholm SWE"]
[Date "2022.12.31"]
[Round "5.10"]
[White "Seo, Jung Min"]
[Black "Gorshtein, Ido"]
[Result "1/2-1/2"]
[WhiteTitle "IM"]
[BlackTitle "IM"]
[WhiteElo "2502"]
[BlackElo "2469"]
[WhiteFideId "1734687"]
[BlackFideId "2815532"]
[EventDate "2022.12.27"]

1. e4 c6 2. d4 d5 3. e5 Bf5 4. Nf3 e6 5. Be2 c5 6. Be3 cxd4 7. Nxd4 Ne7 8. c4
dxc4 9. Bxc4 Nbc6 10. O-O Nxd4 11. Bxd4 a6 12. Be3 Nc6 13. f4 Qxd1 14. Rxd1 g5
15. fxg5 Bg7 16. Nc3 Nxe5 17. Be2 O-O 18. Rd2 Rac8 19. Bd4 Rfd8 20. Rad1 h6 21.
Bxe5 Rxd2 22. Rxd2 Bxe5 23. gxh6 b5 24. Bf3 Rc4 25. g4 Bg6 26. h4 b4 27. Ne2 Bf6
28. g5 Be7 29. Rd7 Bc5+ 30. Kg2 Rxh4 31. Kg3 Rc4 32. Nf4 Bf2+ 1/2-1/2

[Event "50th Rilton Cup 2022-23"]
[Site "Stockholm SWE"]
[Date "2022.12.31"]
[Round "5.11"]
[White "Westerberg, Jonathan"]
[Black "Petursson, Margeir"]
[Result "1/2-1/2"]
[WhiteTitle "GM"]
[BlackTitle "GM"]
[WhiteElo "2476"]
[BlackElo "2437"]
[WhiteFideId "1701754"]
[BlackFideId "2300028"]
[EventDate "2022.12.27"]

1. e4 c5 2. Nf3 d6 3. d4 cxd4 4. Qxd4 a6 5. c4 Nc6 6. Qe3 g6 7. Be2 Nf6 8. h3
Bg7 9. O-O O-O 10. Nc3 Nd7 11. Rb1 Qa5 12. Bd2 Qc5 13. Na4 Qxe3 14. Bxe3 Rb8 15.
Rfc1 Nde5 16. Nxe5 dxe5 17. Nb6 Nd4 18. Bf1 f5 19. Nxc8 Rfxc8 20. exf5 gxf5 21.
g3 Rd8 22. Kg2 e4 23. c5 Rbc8 24. b4 Kf7 25. a4 Rc7 26. Bc4+ e6 27. Bf4 Rcc8 28.
Rd1 Nc2 29. Bg5 Bf6 30. Bxf6 Kxf6 31. Rxd8 Rxd8 32. c6 Na3 33. Rc1 Nxc4 34. c7
Rc8 35. Rxc4 b5 36. axb5 axb5 37. Rc5 h5 38. g4 hxg4 39. hxg4 fxg4 40. Kg3 Ke7
41. Kxg4 Kd6 42. Kf4 Rxc7 43. Rxb5 Rf7+ 44. Kxe4 1/2-1/2

[Event "50th Rilton Cup 2022-23"]
[Site "Stockholm SWE"]
[Date "2022.12.31"]
[Round "5.12"]
[White "Milikow, Yoav"]
[Black "Pranesh, M"]
[Result "0-1"]
[WhiteTitle "IM"]
[BlackTitle "IM"]
[WhiteElo "2416"]
[BlackElo "2475"]
[WhiteFideId "2822237"]
[BlackFideId "35028600"]
[EventDate "2022.12.27"]

1. d4 d5 2. c4 c6 3. Nf3 e6 4. g3 dxc4 5. Bg2 b5 6. O-O Bb7 7. b3 cxb3 8. Qxb3
Nf6 9. Rd1 Nbd7 10. Ne5 Nxe5 11. dxe5 Nd7 12. Nc3 Qc7 13. Bg5 a6 14. Ne4 c5 15.
a4 b4 16. Rd6 Nxe5 17. Rxe6+ fxe6 18. Qxe6+ Be7 19. Bf4 Qd7 20. Qxe5 O-O 21. Ra2
Rae8 22. Rd2 Qxa4 0-1

[Event "50th Rilton Cup 2022-23"]
[Site "Stockholm SWE"]
[Date "2022.12.31"]
[Round "5.13"]
[White "Percivaldi, Martin"]
[Black "Meshkovs, Nikita"]
[Result "0-1"]
[WhiteTitle "IM"]
[BlackTitle "GM"]
[WhiteElo "2412"]
[BlackElo "2566"]
[WhiteFideId "1508148"]
[BlackFideId "11602740"]
[EventDate "2022.12.27"]

1. d4 Nf6 2. c4 e6 3. Nf3 a6 4. Nc3 d5 5. cxd5 exd5 6. Bg5 Be6 7. e3 Nbd7 8. h3
h6 9. Bf4 Bb4 10. Bd3 c5 11. O-O O-O 12. Rc1 c4 13. Bb1 b5 14. Ne5 Rc8 15. f3
Re8 16. Ne2 Qb6 17. Kh1 Nxe5 18. dxe5 Nh5 19. Qc2 g6 20. Bxh6 Bf5 21. Qd1 Bxb1
22. Rxb1 Rxe5 23. g4 g5 24. gxh5 Qxh6 25. Ng3 Qe6 26. Kg2 Rxe3 27. Qd4 Rd3 28.
Qg4 Bd2 29. Nf5 Kh7 30. Rbd1 b4 31. Kh1 c3 32. bxc3 bxc3 33. Rfe1 c2 0-1

[Event "50th Rilton Cup 2022-23"]
[Site "Stockholm SWE"]
[Date "2022.12.31"]
[Round "5.14"]
[White "Jacobson, Brandon"]
[Black "Kilgus, Georg"]
[Result "1-0"]
[WhiteTitle "GM"]
[BlackTitle "IM"]
[WhiteElo "2551"]
[BlackElo "2389"]
[WhiteFideId "30901561"]
[BlackFideId "1606212"]
[EventDate "2022.12.27"]

1. Nf3 c5 2. c4 g6 3. e4 Bg7 4. d4 cxd4 5. Nxd4 Nc6 6. Be3 Qb6 7. Nb3 Qd8 8. Qd2
Nf6 9. f3 O-O 10. Nc3 d6 11. Be2 a5 12. O-O a4 13. Nd4 Nxd4 14. Bxd4 Qa5 15. b3
Bd7 16. Qb2 Rfc8 17. b4 a3 18. Qb3 Qd8 19. Rad1 Nh5 20. Bxg7 Kxg7 21. f4 Nf6 22.
e5 Ne8 23. Kh1 Be6 24. Nb5 Qb6 25. Nd4 dxe5 26. fxe5 Rd8 27. Qc3 Nc7 28. Rf4 Na6
29. c5 Qc7 30. Rdf1 Rf8 31. Rxf7+ Bxf7 32. e6 Kg8 33. exf7+ Rxf7 34. Bc4 Rf8 35.
Qb3 e5 36. Nb5 1-0

[Event "50th Rilton Cup 2022-23"]
[Site "Stockholm SWE"]
[Date "2022.12.31"]
[Round "5.15"]
[White "Peyrer, Konstantin"]
[Black "Hillarp Persson, Tiger"]
[Result "1/2-1/2"]
[WhiteTitle "FM"]
[BlackTitle "GM"]
[WhiteElo "2380"]
[BlackElo "2523"]
[WhiteFideId "1640879"]
[BlackFideId "1700812"]
[EventDate "2022.12.27"]

1. e4 c5 2. Nf3 d6 3. d4 cxd4 4. Nxd4 Nf6 5. Nc3 Nc6 6. f3 e5 7. Nb3 Be7 8. Be3
a5 9. a3 O-O 10. Bc4 a4 11. Nd2 Be6 12. O-O d5 13. exd5 Nxd5 14. Nxd5 Bxd5 15.
Qe2 Nd4 16. Qd3 Rc8 17. f4 Nxc2 18. Qxc2 b5 19. fxe5 Qd7 20. Qf5 Qxf5 21. Rxf5
bxc4 22. Bd4 Bc5 23. Rf4 Rfe8 24. Rc1 Rxe5 25. Nxc4 Ree8 26. Bxc5 Rxc5 27. Rd4
h5 28. Rc3 Bc6 29. Re3 Rb8 30. Re5 Rxe5 31. Nxe5 Be8 32. Rd2 f6 33. Nf3 Kf7 34.
Kf2 Bc6 35. Rc2 Be4 36. Re2 Bf5 37. Rd2 Rb7 38. Nd4 Bd7 39. Ke3 h4 40. h3 g5 41.
Kf2 Kg6 42. Ne2 Bc6 43. Rc2 Rb6 44. Rd2 Rb7 45. Rc2 Bd7 46. Rd2 Kf7 47. Nd4 Ke7
48. g3 hxg3+ 49. Kxg3 Rb8 50. h4 gxh4+ 51. Kxh4 Rg8 52. Nf3 Rg4+ 53. Kh3 Be6 54.
Kh2 f5 55. Rd4 Rxd4 56. Nxd4 Kd6 57. Kg3 Kd5 58. Ne2 Kc4 59. Kf4 Bd7 60. Nc1 1/2-1/2

[Event "50th Rilton Cup 2022-23"]
[Site "Stockholm SWE"]
[Date "2022.12.31"]
[Round "5.16"]
[White "Kulaots, Kaido"]
[Black "Van Dael, Siem"]
[Result "1-0"]
[WhiteTitle "GM"]
[BlackTitle "FM"]
[WhiteElo "2513"]
[BlackElo "2345"]
[WhiteFideId "4500261"]
[BlackFideId "1049771"]
[EventDate "2022.12.27"]

1. e4 c5 2. Nf3 d6 3. d4 cxd4 4. Nxd4 Nf6 5. Nc3 a6 6. f3 e6 7. g4 b5 8. a3 Bb7
9. g5 Nfd7 10. h4 Nc6 11. Be3 Nde5 12. Nxc6 Nxc6 13. Qd2 Ne5 14. Rh3 Qc7 15. f4
Nc4 16. Bxc4 Qxc4 17. Bd4 e5 18. fxe5 dxe5 19. Bxe5 Qe6 20. Qh2 Rd8 21. Rd3 Rxd3
22. cxd3 f6 23. gxf6 gxf6 24. Bf4 b4 25. axb4 Bxb4 26. O-O-O Rg8 27. Rg1 Rg6 28.
h5 Rg4 29. Rxg4 Qxg4 30. Bd2 Qd7 31. Qb8+ Qc8 32. Qf4 Qd8 33. Kc2 a5 34. Qf5 Qe7
35. Be3 Kf8 36. Bd4 Kg7 37. Qg5+ Kf7 38. Qf5 Kg7 39. h6+ Kxh6 40. Qg4 1-0

[Event "50th Rilton Cup 2022-23"]
[Site "Stockholm SWE"]
[Date "2022.12.31"]
[Round "5.17"]
[White "Keinanen, Toivo"]
[Black "Sidhant, Mohapatra"]
[Result "1/2-1/2"]
[WhiteTitle "IM"]
[BlackTitle "IM"]
[WhiteElo "2508"]
[BlackElo "2337"]
[WhiteFideId "509825"]
[BlackFideId "5028698"]
[EventDate "2022.12.27"]

1. d4 d5 2. c4 e6 3. g3 Nf6 4. Bg2 dxc4 5. Qa4+ Bd7 6. Qxc4 Bc6 7. Nf3 Be7 8.
O-O O-O 9. Rd1 Bd5 10. Qa4 Bc6 11. Qb3 Bd5 12. Qe3 c5 13. Nc3 Bc6 14. dxc5 Qa5
15. Ne5 Bxc5 16. Nxc6 Nxc6 17. Qf4 Rfd8 18. Rxd8+ Rxd8 19. Bxc6 bxc6 20. Be3
Bxe3 21. Qxe3 Qb4 22. Rb1 Rd4 23. Qe5 h5 24. a3 Qb6 25. Rd1 Rxd1+ 26. Nxd1 Qb3
27. Ne3 Ng4 28. Nxg4 hxg4 29. Qd4 c5 30. Qxc5 Qxb2 31. Qxa7 Qb1+ 32. Kg2 Qe4+
33. Kg1 Qb1+ 34. Kg2 Qe4+ 35. Kg1 1/2-1/2

[Event "50th Rilton Cup 2022-23"]
[Site "Stockholm SWE"]
[Date "2022.12.31"]
[Round "5.18"]
[White "Garriga Cazorla, Pere"]
[Black "Deuer, Marius"]
[Result "1-0"]
[WhiteTitle "IM"]
[BlackTitle "FM"]
[WhiteElo "2490"]
[BlackElo "2324"]
[WhiteFideId "32011601"]
[BlackFideId "16236432"]
[EventDate "2022.12.27"]

1. d4 Nf6 2. c4 e6 3. Nf3 b6 4. a3 Bb7 5. Nc3 d5 6. cxd5 Nxd5 7. Bd2 Nf6 8. Bg5
Be7 9. Qc2 Nbd7 10. e4 O-O 11. Rd1 h6 12. Bf4 c5 13. dxc5 bxc5 14. Bd3 Qb6 15.
O-O Rfd8 16. h3 Rac8 17. Nd2 e5 18. Nc4 Qe6 19. Bh2 Nh5 20. Nd5 Bg5 21. Be2 Nhf6
22. Bf3 Ba6 23. Be2 Bb7 24. Rfe1 h5 25. Bf3 Ba6 26. Be2 Bb7 27. Bf1 g6 28. Nxf6+
Qxf6 29. Nd6 Rc7 30. Qc3 Bf4 31. Bxf4 Qxf4 32. Re3 Nf6 33. Rf3 Qh4 34. g3 Qg5
35. Nxf7 Kxf7 36. Rxd8 Bxe4 37. h4 Qg4 38. Qxe5 Qxf3 39. Bc4+ Bd5 40. Qxc7+ 1-0

[Event "50th Rilton Cup 2022-23"]
[Site "Stockholm SWE"]
[Date "2022.12.31"]
[Round "5.19"]
[White "Eggleston, David J"]
[Black "Dann, Matthias"]
[Result "1/2-1/2"]
[WhiteTitle "IM"]
[BlackTitle "IM"]
[WhiteElo "2359"]
[BlackElo "2465"]
[WhiteFideId "412120"]
[BlackFideId "24638056"]
[EventDate "2022.12.27"]

1. e4 c5 2. Nf3 d6 3. Bb5+ Bd7 4. Bxd7+ Qxd7 5. O-O Nf6 6. Re1 Nc6 7. c3 e6 8.
d4 cxd4 9. cxd4 d5 10. e5 Ne4 11. a3 Be7 12. Nbd2 Nxd2 13. Bxd2 O-O 14. Rc1 Rfc8
15. Rc3 Nd8 16. Rd3 Qc7 17. Bc3 b5 18. h4 a5 19. Qd2 Nc6 20. Qf4 b4 21. Bd2 Nd8
22. Rc1 Qb7 23. Rxc8 Qxc8 24. Ne1 bxa3 25. bxa3 Qc4 26. Rg3 Rb8 27. Qg4 g6 28.
h5 Rb1 29. hxg6 hxg6 30. Kh2 Kf8 31. Nd3 Ke8 32. Rh3 Rb3 33. Rh8+ Kd7 34. Bg5
Rxd3 35. Bxe7 Nc6 36. Bc5 Nxd4 37. Bxd4 Qxd4 38. Qg5 Kc6 39. Qc1+ Kb5 40. Rb8+
Ka4 41. Qc2+ Kxa3 42. Qc1+ Ka2 43. Qc2+ 1/2-1/2

[Event "50th Rilton Cup 2022-23"]
[Site "Stockholm SWE"]
[Date "2022.12.31"]
[Round "5.20"]
[White "Nandhidhaa, P V"]
[Black "Pantzar, Milton"]
[Result "1-0"]
[WhiteTitle "WGM"]
[BlackTitle "IM"]
[WhiteElo "2358"]
[BlackElo "2465"]
[WhiteFideId "5050847"]
[BlackFideId "1721003"]
[EventDate "2022.12.27"]

1. Nf3 d5 2. d4 Nf6 3. Bf4 e6 4. c3 c5 5. e3 Be7 6. Ne5 O-O 7. Nd2 b6 8. Bd3 Bb7
9. Qf3 Nbd7 10. Qh3 g6 11. Bh6 Re8 12. f4 a6 13. O-O Ne4 14. f5 Nxe5 15. Bxe4
dxe4 16. fxe6 f5 17. dxe5 Qd5 18. Rxf5 Qxe6 19. Rf4 Qxh3 20. gxh3 Rad8 21. Raf1
Rxd2 22. Rf7 Rdd8 23. Rg7+ Kh8 24. Rff7 Bf8 25. Rxh7+ Kg8 26. Bxf8 Bd5 27. Rhg7+
Kh8 28. Rh7+ Kg8 29. Rhg7+ Kh8 30. Rc7 Rc8 31. Bd6 Rxc7 32. Rxc7 Bxa2 33. Kg2
Kg8 34. Kg3 Bf7 35. Be7 g5 36. Kg4 Kh7 37. Kxg5 Rg8+ 38. Kf6 Bc4 39. Bf8+ Kh8
40. Bg7+ Kh7 41. e6 Rb8 42. Bf8+ Kg8 43. Bd6 Re8 44. Rg7+ Kh8 45. e7 Rc8 46. Rf7 1-0